Spirits and other beings in Tolkien's Legendarium - Statistics

General Stats
  • This quiz has been taken 70 times
  • The average score is 36 of 56
Answer Stats
Nr. Hint Type Answer % Correct
35 The Grey Wizard Maiar Olórin (Gandalf)
97%
13 The One God Eru Ilúvatar
95%
27 The Lord of the Rings Úmaiar Mairon (Sauron)
92%
28 The High King of Arda Valar Manwë Súlimo
92%
36 The Lord of Forests Valar Oromë Aldaron
92%
43 The Golden-dragon Dragons Smaug
92%
15 The Oldest of the Ents Ents Fangorn
90%
30 The Dark Lord Valar Melkor (Morgoth)
90%
1 The Brown Wizard Maiar Aiwendil (Radagast)
87%
3 The Black-dragon Dragons Ancalagon
87%
9 The White Wizard Maiar Curumo Tarindor (Saruman)
87%
5 The Great Smith Valar Aulë Návatar
85%
20 The River-daughter Spirits Goldberry
85%
22 The Lord of Balrogs Úmaiar Gothmog
85%
23 The Windlord Eagle Gwaihir
85%
50 The Lord of Waters Valar Ulmo
85%
42 The Shadow of Cirith Ungol Spirits Shelob
82%
56 The Giver of Fruits Valar Yavanna Kementári
82%
4 The Guide of the Sun Maiar Arien
79%
19 The Father of Dragons Dragons Glaurung
77%
29 The Queen of Doriath Maiar Melian
77%
48 The Champion of the Valar Valar Tulkas Astaldo
77%
54 The Queen of the Stars Valar Varda Tintallë
77%
32 The Ruler of the Dead Valar Námo Mandos
74%
44 The King of Eagles Eagle Thorondor
74%
47 The Eldest Spirits Tom Bombadil
74%
51 The Gloomweaver Spirits Ungoliant
72%
37 The Lord of the Inner Seas Maiar Ossë
69%
25 The Master of Visions and Dreams Valar Irmo Lórien
67%
34 The Lady of Pity and Mourning Valar Nienna
67%
7 The Hasty-one Ents Bregalad
64%
8 The Red Maw Werewolf Carcharoth
64%
11 The Flame of Udûn Úmaiar Durin's Bane
64%
38 The Blue Wizard Maiar Pallando
62%
53 The Ever-young Valar Vána
62%
12 The Chief of the Maiar Maiar Eönwë
59%
2 The Blue Wizard Maiar Alatar
54%
33 The Lithe and Fleetfooted Valar Nessa
54%
14 The Healer of Hurts and Weariness Valar Estë
51%
49 The Lady of the Seas Maiar Uinen
49%
16 The long-lost Entwife Ents Fimbrethil
46%
52 The Weaver of Time Valar Vairë
46%
10 The Father of the Werewolves Werewolf Draugluin
44%
41 The Worm Dragons Scatha
44%
45 The Messenger of the Dark Lord Vampire Thuringwethil
44%
24 The Handmaiden to the Queen Maiar Ilmarë
41%
46 The Guide of the Moon Maiar Tilion
41%
17 The Leafy-hair Ents Finglas
36%
6 The Tall and Handsome Ents Beechbone
33%
26 The Broad-winged Eagle Landroval
33%
18 The Old-one Ents Fladrif
31%
40 The Maker of the Ulumúri Maiar Salmar
31%
31 The Heaven-lord Eagle Meneldor
28%
55 The Beast of the Sirannon Spirits Watcher in the Water
26%
39 The Mother of the Withywindle Spirits River-woman
15%
21 The Dread-glance Dragons Gostir
13%
No matching quizzes found
Score Distribution
Percent of People with Each Score
Percentile by Number Answered
Your Score History
You have not taken this quiz